[Event "ODJM A 2025"]
[Site "Willingen GER"]
[Date "2025.06.11"]
[Round "5"]
[White "Beduschi, Ben"]
[Black "Weidenhöfer, Max"]
[Result "0-1"]
[Termination "normal"]
[Board "8"]
[BlackTitle "CM"]
[WhiteElo "2017"]
[BlackElo "2170"]
[WhiteClock "00:01:55"]
[BlackClock "00:06:54"]
[PlyCount "100"]
[WhiteFideId "16273443"]
[BlackFideId "16230566"]
[EventCountry "GER"]
[EventRounds "9"]
[EventType "swiss"]
[EventDate "2025.06.07"]

1. e4 {[%clk 01:30:43]} {[%emt 00:00:17]} c6 {[%clk 01:30:52]} {[%emt
00:00:08]} 2. d4 {[%clk 01:31:06]} {[%emt 00:00:08]} d5 {[%clk 01:31:17]}
{[%emt 00:00:05]} 3. f3 {[%clk 01:31:27]} {[%emt 00:00:08]} Qb6 {[%clk
01:31:35]} {[%emt 00:00:12]} 4. Nc3 {[%clk 01:31:47]} {[%emt 00:00:09]} e6
{[%clk 01:31:47]} {[%emt 00:00:19]} 5. a3 {[%clk 01:32:10]} {[%emt 00:00:07]}
Nd7 {[%clk 01:31:37]} {[%emt 00:00:39]} 6. Be3 {[%clk 01:32:32]} {[%emt
00:00:08]} Ngf6 {[%clk 01:31:59]} {[%emt 00:00:08]} 7. Be2 {[%clk 01:32:56]}
{[%emt 00:00:07]} dxe4 {[%clk 01:29:38]} {[%emt 00:02:52]} 8. fxe4 {[%clk
01:33:16]} {[%emt 00:00:08]} e5 {[%clk 01:28:13]} {[%emt 00:01:56]} 9. Nf3
{[%clk 01:33:33]} {[%emt 00:00:13]} Be7 {[%clk 01:27:04]} {[%emt 00:01:39]} 10.
Bf2 {[%clk 01:33:56]} {[%emt 00:00:07]} exd4 {[%clk 01:14:09]} {[%emt
00:13:25]} 11. Nxd4 {[%clk 01:25:19]} {[%emt 00:09:06]} Qc7 {[%clk 01:10:04]}
{[%emt 00:04:35]} 12. Nf5 {[%emt 00:04:23]} Bf8 {[%clk 01:00:47]} {[%emt
00:09:41]} 13. Bg3 {[%clk 01:11:44]} {[%emt 00:10:18]} Ne5 {[%clk 00:59:38]}
{[%emt 00:01:38]} 14. Qd4 {[%clk 01:08:08]} {[%emt 00:04:07]} Nfd7 {[%clk
00:57:39]} {[%emt 00:02:30]} 15. Rf1 {[%clk 00:51:36]} {[%emt 00:17:00]} g6
{[%clk 00:51:48]} {[%emt 00:06:22]} 16. Bc4 {[%clk 00:48:03]} {[%emt 00:04:03]}
gxf5 {[%clk 00:38:52]} {[%emt 00:13:26]} 17. Rxf5 {[%clk 00:48:24]} {[%emt
00:00:09]} Bd6 {[%clk 00:26:21]} {[%emt 00:13:03]} 18. O-O-O {[%clk 00:35:38]}
{[%emt 00:13:15]} Nxc4 {[%clk 00:22:52]} {[%emt 00:03:59]} 19. Bxd6 {[%clk
00:33:30]} {[%emt 00:02:37]} Nxd6 {[%clk 00:18:17]} {[%emt 00:05:05]} 20. Qxh8+
{[%clk 00:33:46]} {[%emt 00:00:13]} Ke7 {[%clk 00:17:34]} {[%emt 00:01:15]} 21.
Rff1 {[%clk 00:19:59]} {[%emt 00:14:16]} Ne8 {[%clk 00:16:32]} {[%emt
00:01:32]} 22. Qxh7 {[%clk 00:18:53]} {[%emt 00:01:37]} Ne5 {[%clk 00:16:33]}
{[%emt 00:00:28]} 23. Qh4+ {[%clk 00:18:44]} {[%emt 00:00:38]} f6 {[%clk
00:10:19]} {[%emt 00:06:46]} 24. Qh7+ {[%clk 00:18:07]} {[%emt 00:01:05]} Ke6
{[%clk 00:09:11]} {[%emt 00:01:39]} 25. Qh8 {[%clk 00:13:32]} {[%emt 00:05:05]}
Kf7 {[%clk 00:06:51]} {[%emt 00:02:51]} 26. Qh5+ {[%clk 00:11:03]} {[%emt
00:02:57]} Kf8 {[%clk 00:05:51]} {[%emt 00:01:31]} 27. Qh8+ {[%clk 00:10:06]}
{[%emt 00:01:27]} Ke7 {[%clk 00:05:59]} {[%emt 00:00:23]} 28. Qh7+ {[%clk
00:10:11]} {[%emt 00:00:24]} Ke6 {[%clk 00:05:24]} {[%emt 00:01:04]} 29. Qh8
{[%clk 00:10:24]} {[%emt 00:00:18]} Qe7 {[%clk 00:05:00]} {[%emt 00:00:55]} 30.
Ne2 {[%clk 00:08:51]} {[%emt 00:02:03]} Kf7 {[%clk 00:03:50]} {[%emt 00:01:39]}
31. Nf4 {[%clk 00:02:36]} {[%emt 00:06:45]} Bg4 {[%clk 00:03:17]} {[%emt
00:01:03]} 32. Rde1 {[%clk 00:02:47]} {[%emt 00:00:19]} Qf8 {[%clk 00:01:59]}
{[%emt 00:01:49]} 33. Qh4 {[%clk 00:02:35]} {[%emt 00:00:40]} Qg7 {[%clk
00:01:32]} {[%emt 00:00:59]} 34. h3 {[%clk 00:02:38]} {[%emt 00:00:27]} Be6
{[%clk 00:01:56]} {[%emt 00:00:05]} 35. g4 {[%clk 00:01:49]} {[%emt 00:01:19]}
Ke7 {[%clk 00:02:18]} {[%emt 00:00:08]} 36. Kb1 {[%clk 00:01:22]} {[%emt
00:00:56]} Rd8 {[%clk 00:02:27]} {[%emt 00:00:22]} 37. Qf2 {[%clk 00:00:56]}
{[%emt 00:00:56]} b6 {[%clk 00:02:22]} {[%emt 00:00:35]} 38. Rd1 {[%clk
00:00:44]} {[%emt 00:00:42]} Bc4 {[%clk 00:01:13]} {[%emt 00:01:39]} 39. Rxd8
{[%clk 00:00:43]} {[%emt 00:00:32]} Kxd8 {[%clk 00:01:34]} {[%emt 00:00:09]}
40. Rd1+ {[%clk 00:00:44]} {[%emt 00:00:28]} Kc7 {[%clk 00:00:44]} {[%emt
00:01:21]} 41. b3 {[%clk 00:26:55]} {[%emt 00:04:18]} Bg8 {[%clk 00:29:30]}
{[%emt 00:01:44]} 42. Qg3 {[%clk 00:17:37]} {[%emt 00:09:48]} Nd6 {[%clk
00:24:50]} {[%emt 00:05:11]} 43. Qg2 {[%clk 00:11:24]} {[%emt 00:06:41]} Qe7
{[%clk 00:21:02]} {[%emt 00:04:19]} 44. Nh5 {[%clk 00:09:00]} {[%emt 00:02:55]}
Nb5 {[%clk 00:15:43]} {[%emt 00:05:50]} 45. Qg3 {[%clk 00:06:31]} {[%emt
00:02:55]} Nxa3+ {[%clk 00:12:44]} {[%emt 00:03:32]} 46. Kb2 {[%clk 00:06:39]}
{[%emt 00:00:21]} Nb5 {[%clk 00:10:42]} {[%emt 00:02:33]} 47. Rf1 {[%clk
00:02:26]} {[%emt 00:04:42]} Kb7 {[%clk 00:07:35]} {[%emt 00:03:38]} 48. Nxf6
{[%clk 00:02:28]} {[%emt 00:00:28]} Qa3+ {[%clk 00:07:03]} {[%emt 00:01:02]}
49. Kb1 {[%clk 00:02:56]} {[%emt 00:00:03]} Nc4 {[%clk 00:06:54]} {[%emt
00:00:38]} 50. Qc3 {[%clk 00:01:55]} {[%emt 00:01:31]} Nxc3# {[%emt 00:00:11]}
0-1

[Event "ODJM A 2025"]
[Site "Willingen GER"]
[Date "2025.06.11"]
[Round "5"]
[White "Hofmann, Benjamin"]
[Black "Meiwes, Thore"]
[Result "1/2-1/2"]
[Termination "normal"]
[Board "9"]
[WhiteElo "1944"]
[BlackElo "2139"]
[WhiteClock "00:16:56"]
[BlackClock "00:26:21"]
[PlyCount "74"]
[WhiteFideId "16270266"]
[BlackFideId "16201256"]
[EventCountry "GER"]
[EventRounds "9"]
[EventType "swiss"]
[EventDate "2025.06.07"]

1. d4 {[%clk 01:30:59]} {[%emt 00:00:02]} Nf6 {[%clk 01:30:55]} {[%emt
00:00:05]} 2. Nf3 {[%clk 01:31:24]} {[%emt 00:00:05]} d5 {[%clk 01:31:21]}
{[%emt 00:00:04]} 3. g3 {[%clk 01:31:46]} {[%emt 00:00:08]} Bf5 {[%clk
01:31:42]} {[%emt 00:00:09]} 4. c4 {[%clk 01:32:10]} {[%emt 00:00:06]} e6
{[%clk 01:32:06]} {[%emt 00:00:06]} 5. Nc3 {[%clk 01:32:33]} {[%emt 00:00:06]}
h6 {[%clk 01:32:22]} {[%emt 00:00:14]} 6. Bg2 {[%clk 01:32:48]} {[%emt
00:00:15]} c6 {[%clk 01:32:45]} {[%emt 00:00:06]} 7. Qb3 {[%clk 01:33:05]}
{[%emt 00:00:13]} Qb6 {[%clk 01:33:07]} {[%emt 00:00:08]} 8. c5 {[%clk
01:33:27]} {[%emt 00:00:09]} Qxb3 {[%clk 01:33:30]} {[%emt 00:00:07]} 9. axb3
{[%clk 01:33:52]} {[%emt 00:00:05]} Na6 {[%clk 01:33:45]} {[%emt 00:00:15]} 10.
Ra4 {[%clk 01:34:05]} {[%emt 00:00:17]} Nd7 {[%clk 01:33:52]} {[%emt 00:00:22]}
11. O-O {[%clk 01:27:18]} {[%emt 00:07:19]} f6 {[%clk 01:34:13]} {[%emt
00:00:08]} 12. Bd2 {[%clk 01:12:29]} {[%emt 00:15:19]} g5 {[%clk 01:34:40]}
{[%emt 00:00:02]} 13. Rfa1 {[%clk 01:09:39]} {[%emt 00:03:21]} Be7 {[%clk
01:30:51]} {[%emt 00:04:18]} 14. e3 {[%clk 01:05:28]} {[%emt 00:04:41]} Kf7
{[%clk 01:13:03]} {[%emt 00:18:17]} 15. Bf1 {[%clk 00:58:29]} {[%emt 00:07:29]}
Ndb8 {[%clk 01:02:48]} {[%emt 00:10:46]} 16. Ne1 {[%clk 00:49:57]} {[%emt
00:09:01]} e5 {[%clk 01:02:22]} {[%emt 00:00:56]} 17. b4 {[%clk 00:43:39]}
{[%emt 00:06:49]} Rd8 {[%clk 01:00:57]} {[%emt 00:01:55]} 18. b5 {[%emt
00:01:34]} cxb5 {[%clk 01:00:34]} {[%emt 00:00:50]} 19. Bxb5 {[%clk 00:41:43]}
{[%emt 00:01:25]} Bc8 {[%clk 00:50:45]} {[%emt 00:10:19]} 20. b4 {[%clk
00:39:49]} {[%emt 00:02:23]} Nc7 {[%clk 00:45:52]} {[%emt 00:05:24]} 21. Rxa7
{[%clk 00:33:02]} {[%emt 00:07:17]} Rxa7 {[%clk 00:46:19]} {[%emt 00:00:03]}
22. Rxa7 {[%clk 00:33:23]} {[%emt 00:00:09]} Nxb5 {[%clk 00:46:13]} {[%emt
00:00:35]} 23. Nxb5 {[%clk 00:33:40]} {[%emt 00:00:15]} Nc6 {[%clk 00:46:39]}
{[%emt 00:00:03]} 24. Ra8 {[%clk 00:28:59]} {[%emt 00:05:12]} Bd7 {[%clk
00:42:28]} {[%emt 00:04:40]} 25. Rxd8 {[%clk 00:27:56]} {[%emt 00:01:33]} Nxd8
{[%clk 00:42:55]} {[%emt 00:00:03]} 26. Nc7 {[%clk 00:26:31]} {[%emt 00:01:55]}
exd4 {[%clk 00:39:56]} {[%emt 00:03:29]} 27. exd4 {[%clk 00:25:40]} {[%emt
00:01:21]} Ne6 {[%clk 00:40:03]} {[%emt 00:00:23]} 28. Nxe6 {[%clk 00:25:34]}
{[%emt 00:00:37]} Kxe6 {[%clk 00:39:52]} {[%emt 00:00:40]} 29. Nc2 {[%clk
00:24:59]} {[%emt 00:01:04]} Bb5 {[%clk 00:35:08]} {[%emt 00:05:15]} 30. f3
{[%clk 00:22:29]} {[%emt 00:03:00]} f5 {[%clk 00:32:39]} {[%emt 00:02:59]} 31.
Kf2 {[%clk 00:19:37]} {[%emt 00:03:22]} Bf6 {[%clk 00:32:31]} {[%emt 00:00:37]}
32. Bc3 {[%clk 00:17:45]} {[%emt 00:02:23]} f4 {[%clk 00:28:46]} {[%emt
00:04:14]} 33. g4 {[%clk 00:17:58]} {[%emt 00:00:18]} Bd3 {[%clk 00:27:21]}
{[%emt 00:01:55]} 34. Ne1 {[%clk 00:17:37]} {[%emt 00:00:50]} Bc4 {[%clk
00:27:15]} {[%emt 00:00:36]} 35. Nc2 {[%clk 00:17:46]} {[%emt 00:00:21]} Bd3
{[%clk 00:26:08]} {[%emt 00:01:37]} 36. Ne1 {[%clk 00:16:39]} {[%emt 00:01:37]}
Bc4 {[%clk 00:26:21]} {[%emt 00:00:18]} 37. Nc2 {[%clk 00:16:56]} {[%emt
00:00:12]} Ke5 {[%emt 00:00:21]} 1/2-1/2

[Event "ODJM A 2025"]
[Site "Willingen GER"]
[Date "2025.06.11"]
[Round "5"]
[White "Werner, Florin"]
[Black "Hofmann, Lorenz"]
[Result "1/2-1/2"]
[Termination "normal"]
[Board "10"]
[WhiteElo "1970"]
[BlackElo "2104"]
[WhiteClock "00:21:52"]
[BlackClock "00:09:00"]
[PlyCount "95"]
[WhiteFideId "16250230"]
[BlackFideId "12995509"]
[EventCountry "GER"]
[EventRounds "9"]
[EventType "swiss"]
[EventDate "2025.06.07"]

1. e4 {[%clk 01:30:56]} {[%emt 00:00:02]} g6 {[%clk 01:30:58]} {[%emt
00:00:03]} 2. d4 {[%clk 01:31:12]} {[%emt 00:00:14]} Bg7 {[%clk 01:31:24]}
{[%emt 00:00:04]} 3. Nc3 {[%clk 01:23:18]} {[%emt 00:08:23]} c6 {[%clk
01:31:51]} {[%emt 00:00:04]} 4. f4 {[%clk 01:14:32]} {[%emt 00:09:15]} d5
{[%clk 01:32:10]} {[%emt 00:00:11]} 5. e5 {[%clk 01:14:48]} {[%emt 00:00:14]}
Nh6 {[%clk 01:32:37]} {[%emt 00:00:03]} 6. Bd3 {[%clk 01:13:00]} {[%emt
00:02:19]} f6 {[%clk 01:32:40]} {[%emt 00:00:27]} 7. Nf3 {[%clk 01:12:42]}
{[%emt 00:00:47]} Bg4 {[%clk 01:32:56]} {[%emt 00:00:15]} 8. O-O {[%clk
01:12:28]} {[%emt 00:00:44]} O-O {[%clk 01:33:19]} {[%emt 00:00:06]} 9. h3
{[%clk 01:12:17]} {[%emt 00:00:41]} Bxf3 {[%clk 01:33:45]} {[%emt 00:00:04]}
10. Rxf3 {[%clk 01:12:44]} {[%emt 00:00:04]} b5 {[%clk 01:29:26]} {[%emt
00:04:49]} 11. Be3 {[%clk 01:09:35]} {[%emt 00:03:39]} f5 {[%clk 01:16:01]}
{[%emt 00:13:54]} 12. Ne2 {[%clk 01:01:11]} {[%emt 00:08:55]} a5 {[%clk
01:11:15]} {[%emt 00:05:16]} 13. a4 {[%clk 01:00:34]} {[%emt 00:01:08]} b4
{[%clk 01:10:49]} {[%emt 00:00:56]} 14. c4 {[%clk 01:00:46]} {[%emt 00:00:18]}
bxc3 {[%clk 00:51:53]} {[%emt 00:19:25]} 15. bxc3 {[%clk 00:57:13]} {[%emt
00:04:04]} Na6 {[%clk 00:52:04]} {[%emt 00:00:19]} 16. Rb1 {[%clk 00:52:00]}
{[%emt 00:05:42]} Qc7 {[%clk 00:51:06]} {[%emt 00:01:28]} 17. Rf1 {[%clk
00:50:05]} {[%emt 00:02:25]} Qa7 {[%clk 00:47:19]} {[%emt 00:04:18]} 18. Qb3
{[%clk 00:47:27]} {[%emt 00:03:08]} Rfb8 {[%clk 00:45:19]} {[%emt 00:02:30]}
19. Qa2 {[%clk 00:47:51]} {[%emt 00:00:06]} e6 {[%clk 00:43:15]} {[%emt
00:02:34]} 20. Rxb8+ {[%clk 00:45:09]} {[%emt 00:03:12]} Rxb8 {[%clk 00:43:39]}
{[%emt 00:00:06]} 21. Rb1 {[%clk 00:45:22]} {[%emt 00:00:16]} Bf8 {[%clk
00:38:25]} {[%emt 00:05:45]} 22. Kf2 {[%clk 00:41:27]} {[%emt 00:04:24]} Rxb1
{[%clk 00:36:05]} {[%emt 00:02:50]} 23. Qxb1 {[%clk 00:41:04]} {[%emt
00:00:52]} Nb8 {[%clk 00:30:39]} {[%emt 00:05:57]} 24. Kf3 {[%clk 00:35:55]}
{[%emt 00:05:38]} Nd7 {[%clk 00:28:20]} {[%emt 00:02:50]} 25. g4 {[%clk
00:29:24]} {[%emt 00:07:01]} Kf7 {[%clk 00:25:04]} {[%emt 00:03:46]} 26. Qb3
{[%clk 00:25:25]} {[%emt 00:04:28]} Qb6 {[%clk 00:23:03]} {[%emt 00:02:32]} 27.
Qa2 {[%clk 00:22:51]} {[%emt 00:03:05]} Ng8 {[%clk 00:14:08]} {[%emt 00:09:24]}
28. gxf5 {[%clk 00:12:51]} {[%emt 00:10:32]} gxf5 {[%clk 00:14:25]} {[%emt
00:00:12]} 29. c4 {[%clk 00:11:37]} {[%emt 00:01:44]} Bb4 {[%clk 00:13:27]}
{[%emt 00:01:27]} 30. Qb1 {[%clk 00:08:57]} {[%emt 00:03:11]} Ne7 {[%clk
00:12:49]} {[%emt 00:01:07]} 31. h4 {[%clk 00:04:45]} {[%emt 00:04:43]} Qd8
{[%clk 00:11:32]} {[%emt 00:01:46]} 32. Qg1 {[%clk 00:01:14]} {[%emt 00:04:00]}
dxc4 {[%clk 00:07:26]} {[%emt 00:04:37]} 33. Bxc4 {[%clk 00:01:40]} {[%emt
00:00:04]} Nb6 {[%clk 00:07:51]} {[%emt 00:00:05]} 34. Bb3 {[%clk 00:01:47]}
{[%emt 00:00:24]} Ned5 {[%clk 00:08:15]} {[%emt 00:00:06]} 35. Bf2 {[%clk
00:01:56]} {[%emt 00:00:20]} Be7 {[%clk 00:06:21]} {[%emt 00:02:25]} 36. h5
{[%clk 00:00:58]} {[%emt 00:01:28]} Qf8 {[%clk 00:05:03]} {[%emt 00:01:48]} 37.
Qh1 {[%clk 00:00:35]} {[%emt 00:00:52]} Bd8 {[%clk 00:04:32]} {[%emt 00:01:02]}
38. Qh3 {[%clk 00:00:33]} {[%emt 00:00:31]} Qa3 {[%clk 00:04:31]} {[%emt
00:00:31]} 39. Kg2 {[%clk 00:01:00]} {[%emt 00:00:04]} Qb2 {[%clk 00:04:42]}
{[%emt 00:00:20]} 40. Qf3 {[%clk 00:00:44]} {[%emt 00:00:44]} Qxe2 {[%clk
00:04:54]} {[%emt 00:00:18]} 41. Qxe2 {[%clk 00:29:36]} {[%emt 00:01:39]} Nxf4+
{[%clk 00:35:16]} {[%emt 00:00:07]} 42. Kf3 {[%clk 00:29:54]} {[%emt 00:00:12]}
Nxe2 {[%clk 00:35:42]} {[%emt 00:00:04]} 43. Kxe2 {[%clk 00:30:21]} {[%emt
00:00:04]} Nd5 {[%clk 00:34:31]} {[%emt 00:01:41]} 44. Kf3 {[%clk 00:29:46]}
{[%emt 00:01:06]} Nb4 {[%clk 00:14:43]} {[%emt 00:20:16]} 45. Be1 {[%clk
00:25:12]} {[%emt 00:05:04]} Na6 {[%clk 00:14:21]} {[%emt 00:00:53]} 46. Bc4
{[%clk 00:23:34]} {[%emt 00:02:08]} Nb8 {[%clk 00:14:47]} {[%emt 00:00:04]} 47.
Kf4 {[%clk 00:21:53]} {[%emt 00:02:11]} Nd7 {[%clk 00:09:00]} {[%emt 00:06:17]}
48. Bb3 {[%clk 00:21:52]} {[%emt 00:00:30]} 1/2-1/2

[Event "ODJM A 2025"]
[Site "Willingen GER"]
[Date "2025.06.11"]
[Round "5"]
[White "Winkler, Yonathan"]
[Black "Beckmann, Jonathan"]
[Result "1-0"]
[Termination "normal"]
[Board "11"]
[WhiteElo "2201"]
[BlackElo "1904"]
[WhiteClock "00:25:20"]
[BlackClock "00:01:10"]
[PlyCount "67"]
[WhiteFideId "16266080"]
[BlackFideId "34672591"]
[EventCountry "GER"]
[EventRounds "9"]
[EventType "swiss"]
[EventDate "2025.06.07"]

1. e4 {[%clk 01:30:58]} {[%emt 00:00:02]} c5 {[%clk 01:30:57]} {[%emt
00:00:04]} 2. Nf3 {[%clk 01:31:19]} {[%emt 00:00:09]} d6 {[%clk 01:31:24]}
{[%emt 00:00:03]} 3. d4 {[%clk 01:31:41]} {[%emt 00:00:07]} cxd4 {[%clk
01:31:50]} {[%emt 00:00:04]} 4. Nxd4 {[%clk 01:32:04]} {[%emt 00:00:07]} Nf6
{[%clk 01:32:16]} {[%emt 00:00:04]} 5. Nc3 {[%clk 01:32:26]} {[%emt 00:00:07]}
a6 {[%clk 01:32:43]} {[%emt 00:00:05]} 6. h3 {[%clk 01:32:50]} {[%emt
00:00:05]} e5 {[%clk 01:33:08]} {[%emt 00:00:05]} 7. Nde2 {[%clk 01:33:15]}
{[%emt 00:00:05]} h5 {[%clk 01:33:33]} {[%emt 00:00:06]} 8. g3 {[%clk
01:33:39]} {[%emt 00:00:05]} Be6 {[%clk 01:33:57]} {[%emt 00:00:07]} 9. Bg2
{[%clk 01:34:03]} {[%emt 00:00:05]} b5 {[%clk 01:34:21]} {[%emt 00:00:07]} 10.
Be3 {[%clk 01:34:17]} {[%emt 00:00:15]} Be7 {[%clk 01:34:19]} {[%emt 00:00:33]}
11. f4 {[%clk 01:33:24]} {[%emt 00:01:21]} Nbd7 {[%clk 01:20:59]} {[%emt
00:13:51]} 12. Nd5 {[%clk 01:27:48]} {[%emt 00:06:06]} Nxd5 {[%clk 01:20:13]}
{[%emt 00:01:15]} 13. exd5 {[%clk 01:28:11]} {[%emt 00:00:08]} Bf5 {[%clk
01:20:33]} {[%emt 00:00:10]} 14. fxe5 {[%clk 01:13:24]} {[%emt 00:15:19]} Nxe5
{[%clk 01:17:21]} {[%emt 00:03:40]} 15. Nd4 {[%clk 01:13:46]} {[%emt 00:00:08]}
Bd7 {[%clk 01:07:40]} {[%emt 00:10:10]} 16. Nc6 Bxc6 {[%clk 01:03:05]} 17. dxc6
{[%clk 01:00:28]} {[%emt 00:00:28]} Rc8 {[%clk 00:49:10]} {[%emt 00:14:25]} 18.
O-O {[%clk 01:00:10]} {[%emt 00:00:47]} h4 {[%clk 00:39:16]} {[%emt 00:10:24]}
19. gxh4 {[%clk 00:52:44]} {[%emt 00:07:55]} O-O {[%clk 00:36:35]} {[%emt
00:03:12]} 20. h5 {[%clk 00:45:16]} {[%emt 00:07:57]} Bg5 {[%clk 00:27:22]}
{[%emt 00:09:44]} 21. Qc1 {[%clk 00:39:34]} {[%emt 00:06:12]} Bxe3+ {[%clk
00:25:24]} {[%emt 00:02:29]} 22. Qxe3 {[%clk 00:40:03]} Nxc6 {[%clk 00:25:22]}
{[%emt 00:00:32]} 23. Rad1 {[%clk 00:40:15]} {[%emt 00:00:18]} Ne5 {[%clk
00:24:21]} {[%emt 00:01:31]} 24. c3 {[%clk 00:38:00]} {[%emt 00:02:45]} Nc4
{[%clk 00:20:51]} {[%emt 00:03:59]} 25. Qf4 {[%clk 00:34:36]} {[%emt 00:03:54]}
Qb6+ {[%clk 00:17:38]} {[%emt 00:03:44]} 26. Rf2 {[%clk 00:33:50]} {[%emt
00:01:16]} Ne5 {[%clk 00:11:01]} {[%emt 00:07:07]} 27. Bd5 {[%clk 00:32:20]}
{[%emt 00:01:59]} Qd8 {[%clk 00:04:45]} {[%emt 00:06:47]} 28. Kh1 {[%clk
00:29:04]} {[%emt 00:03:46]} Rc5 {[%clk 00:04:00]} {[%emt 00:01:15]} 29. Rg2
{[%clk 00:27:03]} {[%emt 00:02:31]} Kh8 {[%clk 00:03:19]} {[%emt 00:01:12]} 30.
Be4 {[%clk 00:25:38]} {[%emt 00:01:54]} Rc4 {[%clk 00:00:56]} {[%emt 00:02:54]}
31. Rdg1 {[%clk 00:24:45]} {[%emt 00:01:22]} Rg8 {[%clk 00:01:03]} {[%emt
00:00:23]} 32. Rxg7 {[%clk 00:24:56]} {[%emt 00:00:19]} Rxg7 {[%clk 00:00:41]}
{[%emt 00:00:52]} 33. Qh6+ {[%clk 00:25:20]} {[%emt 00:00:05]} Kg8 {[%clk
00:01:10]} {[%emt 00:00:01]} 34. Qxg7# {[%emt 00:00:09]} 1-0

[Event "ODJM A 2025"]
[Site "Willingen GER"]
[Date "2025.06.11"]
[Round "5"]
[White "Zhang, Onno"]
[Black "Ronsin, Corentin"]
[Result "0-1"]
[Termination "normal"]
[Board "12"]
[WhiteElo "1859"]
[BlackElo "2064"]
[WhiteClock "00:10:08"]
[BlackClock "00:26:55"]
[PlyCount "56"]
[WhiteFideId "34643397"]
[BlackFideId "34641742"]
[EventCountry "GER"]
[EventRounds "9"]
[EventType "swiss"]
[EventDate "2025.06.07"]

1. e4 {[%clk 01:30:59]} c6 {[%clk 01:30:29]} {[%emt 00:00:32]} 2. d4 {[%clk
01:31:21]} {[%emt 00:00:08]} d5 {[%clk 01:30:55]} {[%emt 00:00:04]} 3. e5
{[%clk 01:31:43]} {[%emt 00:00:08]} c5 {[%clk 01:31:19]} {[%emt 00:00:06]} 4.
dxc5 {[%clk 01:32:01]} {[%emt 00:00:12]} e6 {[%clk 01:31:41]} {[%emt 00:00:08]}
5. Be3 {[%clk 01:32:23]} {[%emt 00:00:07]} Nd7 {[%clk 01:31:58]} {[%emt
00:00:13]} 6. Bb5 {[%clk 01:32:04]} {[%emt 00:00:49]} Ne7 {[%clk 01:32:20]}
{[%emt 00:00:08]} 7. c3 {[%clk 01:31:53]} {[%emt 00:00:42]} a6 {[%clk
01:30:58]} {[%emt 00:01:52]} 8. Ba4 {[%clk 01:31:44]} {[%emt 00:00:39]} Nc6
{[%clk 01:31:06]} {[%emt 00:00:21]} 9. Nf3 {[%clk 01:28:16]} {[%emt 00:03:58]}
Nxc5 {[%clk 01:30:21]} {[%emt 00:01:17]} 10. Bc2 {[%clk 01:27:14]} {[%emt
00:01:30]} Qc7 {[%clk 01:27:53]} {[%emt 00:02:58]} 11. O-O {[%clk 01:19:41]}
{[%emt 00:08:03]} Be7 {[%clk 01:25:49]} {[%emt 00:02:34]} 12. Re1 {[%clk
01:17:55]} {[%emt 00:02:15]} b5 {[%clk 01:18:42]} {[%emt 00:07:39]} 13. Nbd2
{[%clk 01:16:25]} {[%emt 00:01:58]} Bb7 {[%clk 01:17:50]} {[%emt 00:01:23]} 14.
Qe2 {[%clk 01:11:57]} {[%emt 00:04:58]} Nxe5 {[%emt 00:12:20]} 15. Bd4 {[%emt
00:00:39]} Nxf3+ {[%emt 00:00:24]} 16. Nxf3 {[%emt 00:00:15]} O-O {[%clk
01:04:28]} {[%emt 00:08:57]} 17. Ne5 {[%clk 01:03:29]} {[%emt 00:02:16]} Ne4
{[%clk 00:59:20]} {[%emt 00:05:38]} 18. Rad1 {[%clk 00:56:30]} {[%emt
00:07:29]} Bf6 {[%clk 00:34:40]} {[%emt 00:25:10]} 19. Bxe4 {[%clk 00:44:35]}
{[%emt 00:12:26]} dxe4 {[%clk 00:34:30]} {[%emt 00:00:40]} 20. Nd7 {[%clk
00:43:27]} {[%emt 00:01:37]} Bxd4 {[%clk 00:34:39]} {[%emt 00:00:21]} 21. Nxf8
{[%clk 00:42:21]} {[%emt 00:01:35]} Be5 {[%clk 00:34:14]} {[%emt 00:00:55]} 22.
Rd7 {[%clk 00:22:49]} {[%emt 00:20:03]} Qc6 {[%clk 00:30:37]} {[%emt 00:04:08]}
23. Rxb7 {[%clk 00:15:44]} {[%emt 00:07:35]} Qxb7 {[%clk 00:30:05]} {[%emt
00:01:02]} 24. Nxh7 {[%clk 00:13:48]} {[%emt 00:02:25]} f6 {[%clk 00:30:20]}
{[%emt 00:00:14]} 25. Qh5 {[%clk 00:12:51]} {[%emt 00:01:28]} Qf7 {[%clk
00:29:56]} {[%emt 00:00:55]} 26. Qh4 {[%clk 00:12:39]} {[%emt 00:00:42]} Qg6
{[%clk 00:29:57]} {[%emt 00:00:28]} 27. f4 {[%clk 00:09:53]} {[%emt 00:03:15]}
exf3 {[%clk 00:26:45]} {[%emt 00:03:43]} 28. Ng5 {[%clk 00:10:08]} {[%emt
00:00:14]} fxg5 {[%clk 00:26:55]} {[%emt 00:00:20]} 0-1